| 000 | 00413nam a2200157 a 4500 | ||
|---|---|---|---|
| 005 | 20140310183439.0 | ||
| 008 | 080403s19uu xx 00 eng d | ||
| 020 | _a9710328220 | ||
| 050 |
_aDS 654 _b.N42 2007 |
||
| 245 | _aThe new philippine almanac / | ||
| 260 |
_aPhilippines : _bGolden Books International Trading, _c2007. |
||
| 300 | _c28 cm. | ||
| 650 | _aAlmanacs. | ||
| 942 |
_cBK _2lcc |
||
| 999 |
_c23043 _d23043 |
||